000
00338nam a2200133Ia 4500
008
230511s1960 xx 000 0 und d
041
_a
eng
082
_a
657.45
100
_a
Clive F Paulape
245
_a
The Principles of Auditing
260
_a
New Delhi
_b
Pitman Series
_c
1960
300
_a
517
906
_a
principles of auditing
999
_c
354084
_d
354084